000 00765nas a2200253 4500
001 BR9212875
003 BR-BrBNA
005 20231205095156.0
007 ta
008 230509b bl.|||p| |||| 00| 00por d
040 _aBR-BrBNA
_bpor
_cBiblioteca Nacional de Agricultura
041 _a(Pt)
072 _aF01
100 1 _aNilsson, T.T.
245 1 _aFruta de pomba: e ornamental, muito procurada por juritis e pombas, e origina mel de interesse medicinal
650 _aApicultura
650 _aBotanica
650 _aMel
650 _aPlanta Medicinal
650 _aDicotiledonea
773 0 _tRevista Brasileira de Apicultura (Brazil)
_x
_g(Jul-Aug 1992), v. 2(6) p. 13
_wBR9212875
909 _a202311
_bLúcia
_c55
_dLúcia Elande
942 _2AGRIS
_n0
_cANA
999 _c149079
_d149079